| 000 | 00584nam a22002177a 4500 | ||
|---|---|---|---|
| 005 | 20161027105527.0 | ||
| 008 | 150302b xxu||||| |||| 00| 0 ES d | ||
| 041 | _aspa | ||
| 082 | _a618.97 T149g | ||
| 100 |
_aTallis, Raymond _929362 |
||
| 245 | _aGeriatría | ||
| 260 |
_aEspaña _bMarbán _c2007 |
||
| 300 | _a1560 páginas | ||
| 650 |
_aGERIATRÍA _9227 |
||
| 650 |
_aGERONTOLOGÍA SOCIAL _929363 |
||
| 650 |
_aENFERMEDADES _91305 |
||
| 650 |
_aPACIENTES GERIÁTRICOS _929364 |
||
| 650 |
_aMEDICINA GERIÁTRICA _98675 |
||
| 650 |
_aENFOQUES PSICOLOGICOS _929365 |
||
| 942 | _cBK | ||
| 999 |
_c3493 _d3493 |
||